00806nam a2200193Ia 4500003000900000008004100009040001600050080001900066111009500085245019500180260003500375300001500410490006400425650004100489650001100530650001900541700002300560710002900583IN-BaIIA211028s9999 xx 000 0 eng d cIIA Library a063:53bENF-42 aConference of International School of Physics "Enrico Fermi"cItalyd1967 July 31 - Aug.19 0aQuantum Opticsbproceedings of the International School of Physics "Enrico Fermi" course held in Varenna Sul Lago di Como, Villa Monastero July 31 - August 19, 1967cedited by Glauber R. J.  aNew YorkbAcademic Pressc1969 axvi, 759p. aInternational School of Physics "Enrico Fermi" Course v. 42 aAstronomy and Astrophysics Thesaurus aOptics aQuantum Optics aR. J.Glauber., ed. aItalian Physical Society